000 00250nam a22000977a 4500
999 _c11656
_d11656
008 191119b ||||| |||| 00| 0 eng d
020 _a9789380278537
100 _aStevenson,R.L.
_96099
245 _aKidnapped
260 _aNew Delhi
_bPaperclip Books
_c2018